ბათუმის შოთა რუსთაველის სახელმწიფო უნივერსიტეტის ბიბლიოთეკა

პოეტიკა / (ბიბ.ჩანაწერი № 53817)

000 -ლიდერი
ფიქსირებული სიგრძის საკონტროლო ველი 01294nam a2200289Ia 4500
001 - საკონტროლო ნომერი
საკონტროლო ველი 20868
003 - საკონტროლო ნომრის იდენტიფიკატორი
საკონტროლო ველი GE_BSU
005 - ბოლო ოპერაციის თარიღი და დრო
საკონტროლო ველი 20210525181305.0
008 - ფიქსირებული სიგრძის მონაცემთა ელემენტები - ზოგადი ინფორმაცია
ფიქსირებული სიგრძის საკონტროლო ველი 181216s ||||ge |||||||||||||| ||geo||
020 ## - წიგნის საერთაშორისო სტანდარტული ნომერი
International Standard Book Number 9789941061660
040 ## - კატალოგიზაციის წყარო
Transcribing agency GE_BSU
041 ## - ენის კოდი
Language code of text/sound track or separate title geo
080 ## - უნივერსალური ათობითი კლასიფიკაციის ინდექსი
Universal Decimal Classification number 801.6+82.0 ა-80
100 ## - მთავარი ჩანაწერი - პიროვნების სახელი
Personal name არისტოტელე
9 (RLIN) 11894
245 ## - ცნობა სათაურის შესახებ
Title პოეტიკა /
Statement of responsibility, etc არისტოტელე ; მთარგმნ. : ნინა და მარინა თურმანიძეები. რედ. თამაზ თურმანიძე.
264 ## - წარმოების, გამოცემის, დისტრიბუციის და სხვა ცნობები
გამოცემის, წარმოების, დისტრიბუციის... ადგილი თბილისი :
გამოცემის, წარმოების, დისტრიბუციის... სახელწოდება პეგა,
გამოცემის, წარმოების, დისტრიბუციის... თარიღი 2013.
300 ## - ფიზიკური აღწერა
Extent 124 გვ. ;
Dimensions 21 სმ.
500 ## - ზოგადი შენიშვნა
General note განმარტებები გვ. 103-119
653 ## - INDEX TERM--UNCONTROLLED
Uncontrolled term ლიტრატურა, ლიტარატურათმცოდნეობა
653 ## - INDEX TERM--UNCONTROLLED
Uncontrolled term პოეზიის თეორია
653 ## - INDEX TERM--UNCONTROLLED
Uncontrolled term პოეტიკა
700 ## - ADDED ENTRY--PERSONAL NAME
Personal name თურმანიძე, ნინა
Relator term მთარგმნელი
9 (RLIN) 11895
700 ## - ADDED ENTRY--PERSONAL NAME
Personal name თურმანიძე, მარინა
Relator term მთარგმნელი
9 (RLIN) 11864
700 ## - ADDED ENTRY--PERSONAL NAME
Personal name თურმანიძე, თამაზ
Relator term რედაქტორი
9 (RLIN) 11865
942 ## - ADDED ENTRY ELEMENTS (KOHA)
Koha item type წიგნი
Source of classification or shelving scheme
ეგზემპლარები
ჩამოწერის სტატუსი დაკარგული ეგზემპლარის სტატუსი კლასიფიკაციის წყარო ან თაროზე გაწყობის სქემა დაზიანების სტატუსი არ გაიცემა მუდმივი მდებარეობა (დაცვის ადგილი) ამჟამინდელი ადგილსამყოფელი თაროზე განთავსების ადგილი შეძენის თარიღი ღირებულება, შესყიდვის ნორმალური ფასი სრული შენახვის შიფრი შტრიხკოდი ბოლო ოპერაციის თარიღი ეგზემპლარის მიმდევრობითი ნომერი (კეტერი?) ფასის ძალაში შესვლის თარიღი ეგზემპლარის სახეობა საჯარო შენიშვნა
          ბათუმის შოთა რუსთაველის სახელმწიფო უნივერსიტეტის მთავარი ბიბლიოთეკა ბათუმის შოთა რუსთაველის სახელმწიფო უნივერსიტეტის მთავარი ბიბლიოთეკა წიგნსაცავი 2018-12-17 6.21 801.6+82.0 ა-80 54413 2018-12-17 54413 2018-12-17 წიგნი 6.21₾.